000 00747nam a2200265Ia 4500
003 OSt
005 20221007074218.0
006 a|||||r|||| 00| 0
007 ta
008 221006b |||||||| |||| 00| 0 eng d
024 _a28,118
037 _cTextual
040 _aFLL
_cFLL
_beng
041 _2eng
_aeng
082 _aZ73:5y7, K8.1
100 _aInbau Fred E.
_9683232
245 0 _aCriminal justice
250 _a3rd
260 _aMineola
_bThe Foundation Press, Inc. New York
_c1968
300 _axxii,865p
_ccm.
700 _a Sowle ClaudeR.
_9692700
700 _a Thompson James R.
_9282915
942 _hZ73:5y7, K8.1
_cTEXL
_2CC
999 _c1151544
_d1151544